Report of the Committee to carry out an Economic Survey of South Nyanza and Kericho District (Record no. 2579)
[ view plain ]
| 000 -LEADER | |
|---|---|
| fixed length control field | 00491nam a22001217a 4500 |
| 008 - FIXED-LENGTH DATA ELEMENTS--GENERAL INFORMATION | |
| fixed length control field | 230626b xxu||||| |||| 00| 0 eng d |
| 082 ## - DEWEY DECIMAL CLASSIFICATION NUMBER | |
| Classification number | 330.97 |
| Item number | CPK |
| 100 ## - MAIN ENTRY--PERSONAL NAME | |
| Titles and words associated with a name | Colony and Protectorate of Kenya |
| 245 ## - TITLE STATEMENT | |
| Title | Report of the Committee to carry out an Economic Survey of South Nyanza and Kericho District |
| Remainder of title | With a view to advising whether the economic potential would justify Rail Development |
| 260 ## - PUBLICATION, DISTRIBUTION, ETC. (IMPRINT) | |
| Place of publication, distribution, etc. | Kenya |
| Name of publisher, distributor, etc. | Colony and Protectorate of Kenya |
| 300 ## - PHYSICAL DESCRIPTION | |
| Extent | various panging |
| 942 ## - ADDED ENTRY ELEMENTS (KOHA) | |
| Source of classification or shelving scheme | Dewey Decimal Classification |
| Koha item type | Books |
| Withdrawn status | Lost status | Source of classification or shelving scheme | Damaged status | Not for loan | Home library | Current library | Date acquired | Total Checkouts | Full call number | Barcode | Date last seen | Price effective from | Koha item type |
|---|---|---|---|---|---|---|---|---|---|---|---|---|---|
| Dewey Decimal Classification | County Hall Archives | County Hall Archives | 06/26/2023 | 330.97 CPK | 10013759 | 06/26/2023 | 06/26/2023 | Books | |||||
| Dewey Decimal Classification | County Hall Archives | County Hall Archives | 06/26/2023 | 330.97 CPK | 10013760 | 06/26/2023 | 06/26/2023 | Books |
